Schwäbisch Quiz - Statistiken

Allgemein
  • Dieses Quiz wurde 352 mal gespielt
    346 seit der letzten Aktualisierung
  • Das Durchschnittsergebnis liegt bei 13 aus 19
Antwortstatistiken
Schwäbisch Deutsch % Korrekt
Gosch Mund
96%
Debbich Decke
90%
Bobbes Hintern
87%
Fiaß Füße
85%
Ranza Bauch
83%
äbbes etwas
82%
Stuub Wohnzimmer
82%
Samschdich Samstag
81%
Bäbber Aufkleber
79%
Gsälz Marmelade
74%
Grombier Kartoffel
68%
Schlotzer Lutscher
64%
Lomba Lumpen
55%
Gugg Tüte
53%
Bachl Dummkopf
50%
bruddeln meckern
49%
Wefzg Wespe
46%
Dodde Patentante
43%
Schleck Süßigkeit
33%
Keine übereinstimmenden Quizze gefunden
Verteilung der Resultate
Anzahl Personen mit jedem Resultat
Perzentil nach korrekt beantworteten Fragen
Ihre Resultats-Entwicklung
Sie haben dieses Quiz seit der letzten Aktualisierung nicht gespielt